000
00236nam a2200109Ia 4500
008
200302s9999 xx 000 0 und d
100
_a
Keven Lynch
245
_a
Good City form
260
_b
The Mit Press
260
_c
1981
300
_a
514
999
_c
5256
_d
5256